[Event "SVK 3.liga A2"]
[Site "?"]
[Date "2020.01.19"]
[Round "7.6"]
[White "Palka, Martin"]
[Black "Vach, Jozef"]
[Result "1-0"]
[WhiteElo "1843"]
[BlackElo "1708"]
[PlyCount "93"]
[EventDate "2019.10.06"]

1. e4 e5 2. Nf3 Nc6 3. Bb5 a6 4. Ba4 d6 5. O-O Nf6 6. Re1 b5 7. Bb3 Na5 8. d4
Nxb3 9. axb3 Nd7 10. c4 Bb7 11. Nc3 c6 12. Bg5 Be7 13. h4 f6 14. Be3 O-O 15.
Ne2 c5 16. d5 b4 17. Ng3 g6 18. h5 f5 19. Bh6 Rf7 20. exf5 gxf5 21. Qc2 e4 22.
Nh2 Bg5 23. Bxg5 Qxg5 24. Qc1 Qxc1 25. Raxc1 Ne5 26. Re2 Nd3 27. Rf1 Ne5 28. f3
exf3 29. Nxf3 Nd3 30. Ng5 Rg7 31. Rxf5 Ne5 32. N3e4 Bc8 33. Ne6 Nf7 34. Nf6+
Kh8 35. Nxg7 Kxg7 36. Rf4 Ne5 37. Ne8+ Kh6 38. Nxd6 Nd3 39. Rfe4 Bd7 40. R2e3
Nxb2 41. Re5 Rf8 42. Re7 Bg4 43. Nf7+ Kxh5 44. d6 Nd1 45. Rg3 Kh4 46. Rxg4+
Kxg4 47. d7 1-0

[Event "SVK 3.liga A2"]
[Site "?"]
[Date "2020.01.19"]
[Round "7.6"]
[White "Vepy, Ivan"]
[Black "Kir, Kvetoslav"]
[Result "0-1"]
[WhiteElo "1832"]
[BlackElo "1755"]
[PlyCount "50"]
[EventDate "2019.10.06"]

1. e4 e6 2. d4 d5 3. e5 c5 4. c3 Nc6 5. Nf3 Qb6 6. Na3 Bd7 7. Be2 cxd4 8. cxd4
Bb4+ 9. Bd2 Nxd4 10. O-O Nxe2+ 11. Qxe2 Bxa3 12. bxa3 Bb5 13. Qd1 Bxf1 14. Qxf1
Rc8 15. Rb1 Qa6 16. Qd1 Ne7 17. Bb4 Qc4 18. h3 b6 19. Nd4 Kd7 20. Qa4+ Nc6 21.
Nb5 a5 22. Nd6 Qxa2 23. Rc1 axb4 24. Nxc8 Rxc8 25. Qa6 Qxa3 0-1

[Event "SVK 3.liga A2"]
[Site "?"]
[Date "2020.01.19"]
[Round "7.6"]
[White "Fidericky, Milan"]
[Black "Krakovsky, Peter"]
[Result "1-0"]
[WhiteElo "1683"]
[BlackElo "1669"]
[PlyCount "81"]
[EventDate "2019.10.06"]

1. d4 Nf6 2. c4 e6 3. Nc3 d5 4. Nf3 Be7 5. Bg5 h6 6. Bxf6 Bxf6 7. e4 dxc4 8.
Bxc4 O-O 9. e5 Be7 10. Qc2 c6 11. Qe4 Nd7 12. O-O Qc7 13. h4 b5 14. Bd3 f5 15.
Qf4 Nb6 16. Rac1 b4 17. Ne2 Nd5 18. Qd2 Qd7 19. Nf4 a5 20. Nxd5 cxd5 21. Qe2
Bb7 22. Bb5 Qd8 23. Rc2 Bxh4 24. Rfc1 Bg5 25. Nxg5 Qxg5 26. Rc7 Rfc8 27. Rxc8+
Rxc8 28. Rxc8+ Bxc8 29. Qc2 Qd8 30. Qc6 Kf7 31. Qd6 Qxd6 32. exd6 e5 33. d7
Bxd7 34. Bxd7 exd4 35. Bxf5 Kf6 36. Bd3 g5 37. f3 h5 38. g3 Ke5 39. Kf2 h4 40.
f4+ gxf4 41. gxh4 1-0

[Event "SVK 3.liga A2"]
[Site "?"]
[Date "2020.02.02"]
[Round "8.1"]
[White "Bango, Lukas"]
[Black "Gasa, Andrej"]
[Result "1/2-1/2"]
[WhiteElo "2156"]
[BlackElo "2227"]
[PlyCount "39"]
[EventDate "2019.10.06"]

1. Nf3 f5 2. d4 Nf6 3. Nc3 d5 4. Bf4 e6 5. e3 a6 6. Bd3 c5 7. Ne5 Nc6 8. g4
cxd4 9. exd4 g6 10. gxf5 exf5 11. Nxc6 bxc6 12. Qe2+ Kf7 13. O-O-O Bg7 14. Be5
Re8 15. Qf3 Be6 16. h4 Ng4 17. Bxg7 Kxg7 18. Qf4 Qb8 19. Qd2 h6 20. f3 1/2-1/2

[Event "SVK 3.liga A2"]
[Site "?"]
[Date "2020.02.02"]
[Round "8.1"]
[White "Sebesta, Radovan"]
[Black "Sekera, Branislav"]
[Result "1/2-1/2"]
[WhiteElo "1996"]
[BlackElo "2090"]
[PlyCount "49"]
[EventDate "2019.10.06"]

1. d4 e6 2. c4 b6 3. Nf3 Bb7 4. g3 Nf6 5. Bg2 d6 6. O-O Be7 7. Nc3 O-O 8. Qc2
Nbd7 9. b3 Rc8 10. Bb2 Ba8 11. Rfd1 c6 12. Rac1 Qc7 13. Qb1 Qb8 14. Ba3 Rfe8
15. e3 Nf8 16. Bb2 Ng6 17. e4 e5 18. d5 c5 19. Rf1 Bb7 20. Rce1 Rcd8 21. Qc2
Bc8 22. Nd1 Bd7 23. Ne3 Bf8 24. Nd2 Qc8 25. Nb1 1/2-1/2

[Event "SVK 3.liga A2"]
[Site "?"]
[Date "2020.02.02"]
[Round "8.1"]
[White "Kozinka, Roman"]
[Black "Palka, Miroslav"]
[Result "1/2-1/2"]
[WhiteElo "1940"]
[BlackElo "1854"]
[PlyCount "38"]
[EventDate "2019.10.06"]

1. d4 Nf6 2. Nf3 g6 3. c4 Bg7 4. Nc3 O-O 5. e4 d6 6. Be2 Nbd7 7. O-O c5 8. d5
Ne5 9. Nxe5 dxe5 10. Be3 b6 11. Kh1 Ne8 12. f4 Nd6 13. fxe5 Bxe5 14. Bh6 Bg7
15. Bxg7 Kxg7 16. Bd3 f6 17. Rf4 Nf7 18. Qd2 Qd6 19. Raf1 Bd7 1/2-1/2

[Event "SVK 3.liga A2"]
[Site "?"]
[Date "2020.02.02"]
[Round "8.1"]
[White "Skapikova, Lubica"]
[Black "Bango, Dominik"]
[Result "1-0"]
[WhiteElo "1845"]
[BlackElo "1832"]
[PlyCount "189"]
[EventDate "2019.10.06"]

1. e4 e5 2. Nf3 Nc6 3. Bb5 Nf6 4. d3 d6 5. O-O Be7 6. c3 O-O 7. h3 a6 8. Ba4 b5
9. Bc2 Be6 10. Ng5 Na5 11. Nxe6 fxe6 12. a4 c5 13. Nd2 Qd7 14. Nb3 Nb7 15. axb5
axb5 16. Be3 Qc6 17. g4 Qe8 18. Rxa8 Qxa8 19. g5 Nd7 20. Qg4 Nd8 21. Nd2 Qc6
22. f4 exf4 23. Bxf4 e5 24. Bg3 Rxf1+ 25. Nxf1 Nf8 26. Ne3 Qd7 27. Qxd7 Nxd7
28. h4 Nb6 29. Kg2 g6 30. Bb3+ Kg7 31. Kf3 Nc6 32. Bf2 Na5 33. Be6 Nc6 34. Nd1
Bd8 35. Kg4 b4 36. Be1 bxc3 37. bxc3 Be7 38. Bd2 Nd8 39. Bb3 Nc6 40. Ne3 Bd8
41. h5 Ne7 42. h6+ Kf8 43. Kh4 Ng8 44. Ng4 Be7 45. Be6 Bd8 46. Kg3 Na4 47. Bb3
Nb6 48. Nh2 Ne7 49. Nf3 Bc7 50. Kg4 Bd8 51. Be3 Nd7 52. d4 cxd4 53. cxd4 Bc7
54. dxe5 dxe5 55. Ba4 Nb8 56. Bc5 Na6 57. Ba3 Nb8 58. Nh4 Na6 59. Nxg6+ hxg6
60. Bxe7+ Kg8 61. Kf3 Bb6 62. Bc6 Bd4 63. Ke2 Nc5 64. Kd2 Kh7 65. Bd5 Kh8 66.
Bf6+ Kh7 67. Kc2 Nd7 68. Bd8 Nc5 69. Ba5 Be3 70. Bd2 Bd4 71. Bc1 Na4 72. Kb3
Nc3 73. Kc4 Ne2 74. Bd2 Ng1 75. Be6 Nf3 76. Bc1 Ba1 77. Kd5 Bc3 78. Bg4 Nh2 79.
Be2 Bd4 80. Ba3 Be3 81. Be7 Bf4 82. Bf6 Kg8 83. Bxe5 Bxg5 84. Bxh2 Bxh6 85. Ke6
Bg5 86. e5 Kf8 87. Kd7 Be3 88. e6 Bg5 89. Bd3 Kg7 90. e7 Bxe7 91. Kxe7 g5 92.
Bf5 Kh6 93. Bg4 Kg6 94. Be5 Kh7 95. Kf7 1-0

[Event "SVK 3.liga A2"]
[Site "?"]
[Date "2020.02.02"]
[Round "8.1"]
[White "Skreko, Igor"]
[Black "Huska, Branislav"]
[Result "1-0"]
[WhiteElo "1807"]
[BlackElo "1847"]
[PlyCount "95"]
[EventDate "2019.10.06"]

1. c4 e5 2. Nc3 Bb4 3. g3 Nf6 4. Bg2 O-O 5. a3 Bxc3 6. bxc3 d6 7. Rb1 c6 8. Nf3
Na6 9. d3 Qe7 10. O-O h6 11. Qc2 Be6 12. a4 Qc7 13. Ba3 Nd7 14. Rb2 f5 15. Rfb1
b6 16. a5 f4 17. Nd2 fxg3 18. hxg3 Rab8 19. axb6 Rxb6 20. Ne4 c5 21. Rxb6 Nxb6
22. Bc1 d5 23. cxd5 Bxd5 24. Ra1 Nb8 25. Be3 c4 26. Qb2 N8d7 27. Qa3 Bxe4 28.
Bxe4 Nf6 29. Qxa7 Qxa7 30. Rxa7 Nxe4 31. dxe4 Nc8 32. Rc7 Nd6 33. Bc5 Nb5 34.
Rb7 Nxc3 35. Bxf8 Kxf8 36. Rc7 Nxe2+ 37. Kf1 Nd4 38. Rxc4 Kf7 39. Rxd4 exd4 40.
Ke2 Ke6 41. Kd3 g5 42. Kxd4 h5 43. f4 Kf6 44. f5 g4 45. Kd3 Kg5 46. Ke3 h4 47.
gxh4+ Kxh4 48. f6 1-0

[Event "SVK 3.liga A2"]
[Site "?"]
[Date "2020.02.02"]
[Round "8.1"]
[White "Lanik, Miroslav"]
[Black "Lopatievov, Alexander"]
[Result "1/2-1/2"]
[WhiteElo "1865"]
[BlackElo "1872"]
[PlyCount "150"]
[EventDate "2019.10.06"]

1. e4 c6 2. d4 d5 3. e5 Bf5 4. Nf3 e6 5. Be2 c5 6. O-O Nc6 7. Be3 Qb6 8. Nc3
Qxb2 9. Qe1 Nxd4 10. Bxd4 cxd4 11. Nxd4 Bb4 12. Rb1 Qxc3 13. Rxb4 Qxe1 14. Rxe1
b6 15. Nb5 Ke7 16. g4 Bg6 17. c4 a5 18. Rb2 dxc4 19. Bxc4 Nh6 20. h3 Rhd8 21.
Nd6 Rab8 22. Rc1 f6 23. f4 fxe5 24. fxe5 Nf7 25. Nxf7 Bxf7 26. Ba6 Rd5 27. Rc7+
Rd7 28. Rc6 Rd5 29. Rc7+ Rd7 30. Rc6 Be8 31. Rcxb6 Rxb6 32. Rxb6 Rd5 33. Rb7+
Kf8 34. Kf2 Rxe5 35. Bd3 h6 36. Rb8 Ke7 37. Rb7+ Kf6 38. Rb8 Bc6 39. Rf8+ Ke7
40. Rg8 Kf7 41. Rc8 Bb5 42. Rc3 Kf6 43. Bxb5 Rxb5 44. Kg3 a4 45. Rf3+ Ke7 46.
Rf4 Ra5 47. Rd4 e5 48. Rb4 a3 49. Rb7+ Kf6 50. Rb6+ Kf7 51. Rb7+ Kg8 52. Kf3
Rc5 53. Rb3 Ra5 54. Rb7 Kh7 55. Ke4 Kg6 56. h4 Ra4+ 57. Kf3 Rf4+ 58. Kg3 Rc4
59. Rb3 Ra4 60. Rb6+ Kf7 61. h5 Ra7 62. Kf3 Ra4 63. Kg3 Rd4 64. Rb3 Ra4 65.
Rb7+ Kf6 66. Rb6+ Ke7 67. Rb7+ Kf8 68. Rb8+ Kf7 69. Rb7+ Kg8 70. Rb8+ Kh7 71.
Rb5 e4 72. Rb3 Kg8 73. Re3 Kf7 74. Kf4 g5+ 75. Kf5 Ra5+ 1/2-1/2

[Event "SVK 3.liga A2"]
[Site "?"]
[Date "2020.02.02"]
[Round "8.1"]
[White "Zarecky, Eduard"]
[Black "Lauko, Tomas"]
[Result "0-1"]
[WhiteElo "1800"]
[BlackElo "1733"]
[PlyCount "59"]
[EventDate "2019.10.06"]

1. d4 d5 2. c4 c6 3. e3 g6 4. Nf3 Nf6 5. a3 Bg7 6. b4 O-O 7. Nc3 a5 8. Bb2 axb4
9. axb4 Rxa1 10. Qxa1 Na6 11. Ba3 Bg4 12. Ne5 Bf5 13. Be2 Nd7 14. f4 Nxe5 15.
fxe5 dxc4 16. Bxc4 Bh6 17. Kf2 b5 18. Bb3 e6 19. Qd1 Qe7 20. e4 Nxb4 21. exf5
Rd8 22. Bb2 exf5 23. Ne2 Qh4+ 24. g3 Qe4 25. Bxf7+ Kxf7 26. Qb3+ Nd5 27. Ra1
Be3+ 28. Kf1 Qh1+ 29. Ng1 Qxg1+ 30. Ke2 0-1

[Event "SVK 3.liga A2"]
[Site "?"]
[Date "2020.02.02"]
[Round "8.1"]
[White "Havlicek, Peter"]
[Black "Kramar, Matus"]
[Result "1/2-1/2"]
[WhiteElo "1709"]
[BlackElo "1677"]
[PlyCount "39"]
[EventDate "2019.10.06"]

1. e4 e5 2. Nf3 Nc6 3. d4 exd4 4. Nxd4 d6 5. Nc3 Be7 6. Bb5 Bd7 7. O-O Nf6 8.
Nxc6 bxc6 9. Bd3 O-O 10. f4 Bg4 11. Qe1 Bc8 12. Be3 d5 13. Bd2 dxe4 14. Nxe4
Re8 15. Nxf6+ Bxf6 16. Qc1 Qd4+ 17. Kh1 Qxb2 18. Qxb2 Bxb2 19. Rab1 Bf6 20. Ba5
1/2-1/2

[Event "SVK 3.liga A2"]
[Site "?"]
[Date "2020.02.02"]
[Round "8.2"]
[White "Lanc, Alois"]
[Black "Jozefek, Michal"]
[Result "1-0"]
[WhiteElo "2290"]
[BlackElo "2242"]
[PlyCount "59"]
[EventDate "2019.10.06"]

1. e4 c5 2. Nf3 d6 3. d4 cxd4 4. Nxd4 Nf6 5. Nc3 Nc6 6. Bc4 e6 7. Be3 a6 8. O-O
Na5 9. Bd3 Qc7 10. Qe2 Bd7 11. Nb3 Bc6 12. f4 Be7 13. Nd2 b5 14. b4 Nc4 15.
Nxc4 bxc4 16. Bxc4 Bd7 17. Bd2 O-O 18. Bd3 Rfb8 19. a3 Ne8 20. Rae1 a5 21. b5
Qc5+ 22. Kh1 Qxa3 23. e5 g6 24. f5 Qc5 25. fxg6 hxg6 26. Qg4 Ng7 27. Rxf7 Be8
28. Rxe7 d5 29. Rxe8+ Rxe8 30. Qxg6 1-0

[Event "SVK 3.liga A2"]
[Site "?"]
[Date "2020.02.02"]
[Round "8.2"]
[White "Koutny, Petr"]
[Black "Arendas, Marek"]
[Result "1/2-1/2"]
[WhiteElo "2228"]
[BlackElo "2103"]
[PlyCount "136"]
[EventDate "2019.10.06"]

1. e4 c5 2. Nc3 e6 3. Nf3 a6 4. d4 cxd4 5. Nxd4 Qc7 6. a3 Nf6 7. Be2 Nc6 8. O-O
Bc5 9. Nb3 Be7 10. f4 d6 11. Kh1 O-O 12. Qe1 b5 13. Bf3 Bb7 14. Qg3 Rab8 15. f5
Kh8 16. Bf4 Ne5 17. Bxe5 dxe5 18. fxe6 fxe6 19. Nc1 b4 20. axb4 Bxb4 21. Nd3
Bxc3 22. bxc3 Qxc3 23. Qxe5 Qxe5 24. Nxe5 Rbc8 25. Rfc1 Bxe4 26. c4 Bxf3 27.
Nxf3 Rc6 28. Ne5 Rc5 29. Nd3 Rc6 30. Nb4 Rb6 31. Nd3 Rc8 32. Ne5 Rc5 33. Re1
Kg8 34. g4 Rd6 35. Ra4 Nd7 36. Nxd7 Rxd7 37. Rxe6 Rd4 38. h3 a5 39. Ra6 Rdxc4
40. Rxc4 Rxc4 41. Rxa5 Rc2 42. Rf5 g6 43. Rf3 Kg7 44. Kg1 Rc5 45. Kg2 h5 46.
Kg3 hxg4 47. hxg4 g5 48. Ra3 Rc4 49. Ra5 Kg6 50. Ra6+ Kg7 51. Rd6 Rc3+ 52. Kf2
Kf7 53. Rd5 Kf6 54. Rf5+ Kg6 55. Rf3 Rc4 56. Kg3 Ra4 57. Rd3 Rb4 58. Rd8 Rb3+
59. Kf2 Ra3 60. Rd6+ Kf7 61. Ke2 Rg3 62. Rd4 Ke6 63. Kf2 Ke5 64. Ra4 Rb3 65.
Ra5+ Kf4 66. Ra4+ Ke5 67. Ra5+ Kf4 68. Ra4+ Ke5 1/2-1/2

[Event "SVK 3.liga A2"]
[Site "?"]
[Date "2020.02.02"]
[Round "8.2"]
[White "Szitkey, Milan"]
[Black "Londin, Martin"]
[Result "0-1"]
[WhiteElo "2055"]
[BlackElo "1933"]
[PlyCount "70"]
[EventDate "2019.10.06"]

1. e4 b6 2. Bc4 Bb7 3. Nf3 e6 4. Nc3 Bb4 5. Qe2 Nf6 6. e5 Bxc3 7. dxc3 Ne4 8.
Bf4 f5 9. h4 a5 10. Ng5 Qe7 11. O-O-O Na6 12. Qh5+ g6 13. Qe2 Nac5 14. f3 Nxg5
15. Bxg5 Qf7 16. Rd4 h6 17. Bf6 Rh7 18. g4 d5 19. Rhd1 Nd7 20. gxf5 gxf5 21.
Bb3 c5 22. R4d2 a4 23. Bc4 Nxf6 24. exf6 O-O-O 25. Bb5 Qxf6 26. Bxa4 Rg8 27.
Re1 Re7 28. Qh2 e5 29. Rde2 f4 30. Bb5 Rg3 31. Rf1 Reg7 32. Ba4 Ba6 33. Rfe1
Bxe2 34. Qxe2 Rg1 35. Qa6+ Kb8 0-1

[Event "SVK 3.liga A2"]
[Site "?"]
[Date "2020.02.02"]
[Round "8.2"]
[White "Hrubsa, Marian"]
[Black "Sturdik, Igor"]
[Result "0-1"]
[WhiteElo "1851"]
[BlackElo "1939"]
[PlyCount "80"]
[EventDate "2019.10.06"]

1. e4 Nf6 2. e5 Nd5 3. d4 d6 4. c4 Nb6 5. exd6 exd6 6. Nf3 Bg4 7. Be2 Be7 8.
O-O O-O 9. Nbd2 Re8 10. b3 Bf6 11. h3 Bh5 12. b4 Nc6 13. Rb1 Bg6 14. Rb3 Nxd4
15. Nxd4 Bxd4 16. Nf3 Bf6 17. Be3 Nd7 18. Qd2 Qe7 19. Rd1 b6 20. a3 a5 21. b5
h6 22. Bf1 Be4 23. Bd4 Bxd4 24. Nxd4 Qf6 25. Rg3 Bg6 26. f4 Nc5 27. Qc1 Re4 28.
f5 Bh5 29. Nf3 Rae8 30. Qd2 Re3 31. Qd5 Ne4 32. Rg6 Bxg6 33. fxg6 Qxg6 34. Bd3
Rxf3 35. Bxe4 Qxe4 36. Qxe4 Rxe4 37. gxf3 Rxc4 38. Kf2 Kf8 39. Re1 Rc5 40. a4
Rc4 0-1

[Event "SVK 3.liga A2"]
[Site "?"]
[Date "2020.02.02"]
[Round "8.2"]
[White "Kolenak, Matus"]
[Black "Vach, Jozef"]
[Result "1-0"]
[WhiteElo "1999"]
[BlackElo "1689"]
[PlyCount "67"]
[EventDate "2019.10.06"]

1. e4 e5 2. Nf3 Nc6 3. d4 exd4 4. c3 d6 5. Bc4 Be7 6. Qb3 Na5 7. Bxf7+ Kf8 8.
Qa4 Kxf7 9. Qxa5 dxc3 10. Nxc3 c6 11. Qa4 h6 12. Qb3+ Kf8 13. Nd4 Qb6 14. Ne6+
Bxe6 15. Qxe6 Qd8 16. O-O Qc8 17. Qg6 Bf6 18. Bf4 Qe6 19. Rad1 Qe8 20. Bxd6+
Be7 21. Qf5+ Qf7 22. Qc5 Nf6 23. e5 Nd7 24. Qe3 Qe6 25. f4 Nb6 26. f5 Qc8 27.
f6 gxf6 28. Rxf6+ Ke8 29. Bxe7 Kxe7 30. Qc5+ Ke8 31. e6 Nd5 32. Nxd5 Qd8 33.
Nc7+ Qxc7 34. Qh5+ 1-0

[Event "SVK 3.liga A2"]
[Site "?"]
[Date "2020.02.02"]
[Round "8.2"]
[White "Krakovsky, Peter"]
[Black "Mosny, Jaroslav"]
[Result "0-1"]
[WhiteElo "1643"]
[BlackElo "1887"]
[PlyCount "65"]
[EventDate "2019.10.06"]

1. e4 e5 2. Nf3 d6 3. d4 exd4 4. Nxd4 Nf6 5. Nc3 Be7 6. Bd3 O-O 7. O-O c6 8. h3
Re8 9. Nf3 Nbd7 10. Re1 Ne5 11. Nxe5 dxe5 12. Bg5 Nd7 13. Be3 Bc5 14. Qh5 g6
15. Qf3 Qe7 16. Rad1 Bxe3 17. Rxe3 Nc5 18. Be2 Ne6 19. Bd3 Nf4 20. Bc4 Be6 21.
Bxe6 Nxe6 22. Ne2 Rad8 23. Red3 Rxd3 24. Rxd3 Rd8 25. Qe3 Rxd3 26. Qxd3 Qb4 27.
Qc3 Qxe4 28. Ng3 Qd5 29. Qe3 Qd4 30. Qb3 b5 31. c3 Qd5 32. Qa3 Nf4 33. Kf1 0-1

[Event "SVK 3.liga A2"]
[Site "?"]
[Date "2020.02.02"]
[Round "8.2"]
[White "Klanica, Anton"]
[Black "Harasta, Marian"]
[Result "0-1"]
[WhiteElo "1818"]
[BlackElo "1649"]
[PlyCount "90"]
[EventDate "2019.10.06"]

1. e4 c5 2. Nf3 Nc6 3. Bb5 d6 4. c4 Bd7 5. Bxc6 Bxc6 6. d3 e5 7. O-O Nf6 8. Nc3
Be7 9. Bd2 a6 10. Ne2 b5 11. b3 b4 12. Ng3 Bd7 13. h3 a5 14. a3 O-O 15. axb4
axb4 16. Rxa8 Qxa8 17. Qa1 Qb7 18. Qb2 Ra8 19. Ra1 Ra6 20. Bc1 h6 21. Ne1 Nh7
22. Nc2 Bh4 23. Rxa6 Qxa6 24. Nf1 f5 25. Qa1 Qb7 26. f3 f4 27. Bd2 Ng5 28. Be1
Bxe1 29. Nxe1 Qc8 30. Qa2 Kf7 31. Nh2 h5 32. Nf1 Kf6 33. Kh2 Bxh3 34. gxh3
Qxh3+ 35. Kg1 Nxf3+ 36. Nxf3 Qxf3 37. Qd2 g5 38. Nh2 Qg3+ 39. Kf1 g4 40. Qe2
Kg5 41. Qd2 h4 42. Qe2 h3 43. Qd2 Kh4 44. Qe1 Qxe1+ 45. Kxe1 g3 0-1

[Event "SVK 3.liga A2"]
[Site "?"]
[Date "2020.02.02"]
[Round "8.2"]
[White "Bartos, Bohumil"]
[Black "Bahna, Jan"]
[Result "0-1"]
[WhiteElo "1514"]
[BlackElo "1797"]
[PlyCount "60"]
[EventDate "2019.10.06"]

1. d4 d5 2. Bf4 Nf6 3. e3 e6 4. Nd2 Bd6 5. Bg3 O-O 6. Bd3 c5 7. c3 a6 8. Ngf3
b5 9. Ne5 Bb7 10. Ndf3 c4 11. Bc2 Ne4 12. Bxe4 dxe4 13. Nd2 f6 14. Ng4 h5 15.
Nh6+ gxh6 16. Qxh5 Kh7 17. Qg4 f5 18. Qh5 Nd7 19. Bxd6 Nf6 20. Qh4 Qxd6 21. h3
Rf7 22. Ke2 Rg8 23. Rag1 Rg5 24. g4 f4 25. exf4 Qxf4 26. Qg3 Nd5 27. Qxf4 Nxf4+
28. Ke3 Nd3 29. Nxe4 Bxe4 30. Kxe4 Nxf2+ 0-1

[Event "SVK 3.liga A2"]
[Site "?"]
[Date "2020.02.02"]
[Round "8.3"]
[White "Horak, Ivan"]
[Black "Kalmar, Tamas"]
[Result "1-0"]
[WhiteElo "2028"]
[BlackElo "2033"]
[PlyCount "65"]
[EventDate "2019.10.06"]

1. e4 e6 2. d4 d5 3. Nd2 dxe4 4. Nxe4 Bd7 5. Nf3 Bc6 6. Bd3 Nd7 7. O-O Ngf6 8.
Bg5 Be7 9. Bxf6 Nxf6 10. Qe2 O-O 11. Rfd1 Bxe4 12. Bxe4 Nxe4 13. Qxe4 c6 14.
Rd3 Bf6 15. c4 Qb6 16. b3 Rad8 17. Rad1 Qa5 18. a4 a6 19. h4 Qh5 20. g3 Rd7 21.
Kg2 Rfd8 22. g4 Qa5 23. g5 Be7 24. Ne5 Rc7 25. c5 Rcc8 26. Rf3 f6 27. Nc4 Qc7
28. Qxe6+ Kh8 29. Nb6 Rb8 30. Re1 Bf8 31. gxf6 Rxd4 32. Rg3 gxf6 33. Rg8# 1-0

[Event "SVK 3.liga A2"]
[Site "?"]
[Date "2020.02.02"]
[Round "8.3"]
[White "Merva, Frantisek"]
[Black "Sefcik, Marek"]
[Result "1/2-1/2"]
[WhiteElo "2022"]
[BlackElo "1999"]
[PlyCount "138"]
[EventDate "2019.10.06"]

1. d4 Nc6 2. Nf3 d6 3. e4 Nf6 4. Nc3 Bg4 5. Be3 e5 6. Bb5 exd4 7. Qxd4 Nd7 8.
Qd2 Nce5 9. Nd4 c6 10. Be2 Nb6 11. b3 Bxe2 12. Ndxe2 Qc7 13. O-O Be7 14. Nd4 g6
15. Rad1 O-O-O 16. a4 Kb8 17. a5 Nc8 18. Ra1 d5 19. exd5 Ng4 20. Bf4 Bd6 21.
Bxd6 Qxd6 22. Nf3 cxd5 23. Ra4 f5 24. Qd4 Rhe8 25. Nb5 Qd7 26. Qf4+ Nd6 27.
Nxd6 Qxd6 28. Qxd6+ Rxd6 29. h3 Ne5 30. Nd4 Nc6 31. Rd1 a6 32. Nxc6+ Rxc6 33.
Rxd5 Re1+ 34. Kh2 Rxc2 35. Rc4 Rxc4 36. bxc4 Rc1 37. Rc5 Rc3 38. h4 b6 39. axb6
Kb7 40. Rc7+ Kxb6 41. Rxh7 Rxc4 42. Rh6 Rc6 43. h5 gxh5 44. Rxh5 Rf6 45. Kg3 a5
46. Kf4 a4 47. Rh1 Kc5 48. Ke5 Rf8 49. f3 f4 50. Rh7 a3 51. Ra7 Kb4 52. Rb7+
Kc3 53. Ra7 Kb2 54. Rb7+ Ka1 55. Ra7 a2 56. Ke4 Rg8 57. Kxf4 Rxg2 58. Kf5 Kb1
59. f4 a1=Q 60. Rxa1+ Kxa1 61. Ke6 Re2+ 62. Kd5 Rf2 63. Ke5 Kb2 64. f5 Kc3 65.
f6 Re2+ 66. Kd6 Kd4 67. f7 Rf2 68. Ke7 Re2+ 69. Kd6 Rf2 1/2-1/2

[Event "SVK 3.liga A2"]
[Site "?"]
[Date "2020.02.02"]
[Round "8.3"]
[White "Jakubec, Milan"]
[Black "Vegh, Vince"]
[Result "1-0"]
[WhiteElo "1999"]
[BlackElo "1924"]
[PlyCount "73"]
[EventDate "2019.10.06"]

1. e4 c5 2. Nf3 Nc6 3. d4 cxd4 4. Nxd4 e5 5. Nb5 d6 6. c4 a6 7. N5c3 Nf6 8. f3
Be6 9. Be3 Be7 10. Be2 O-O 11. O-O Nd7 12. Qd2 Rc8 13. Nd5 Bxd5 14. cxd5 Na5
15. Na3 b5 16. Rfc1 Nb7 17. Rc6 Qa5 18. Qxa5 Nxa5 19. Rxa6 b4 20. Rxa5 bxa3 21.
Rxa3 Rc2 22. Bb5 Nc5 23. b4 Rb8 24. bxc5 Rxb5 25. Ra8+ Bf8 26. c6 Rbb2 27. Kf1
Rc3 28. Bg1 Rbc2 29. a4 f5 30. a5 Kf7 31. Bb6 Be7 32. c7 fxe4 33. fxe4 Bg5 34.
a6 Rb3 35. c8=Q Rxc8 36. Rxc8 Rxb6 37. a7 1-0

[Event "SVK 3.liga A2"]
[Site "?"]
[Date "2020.02.02"]
[Round "8.3"]
[White "Meszaros, Lorant"]
[Black "Husek, Lubomir"]
[Result "1-0"]
[WhiteElo "1895"]
[BlackElo "1855"]
[PlyCount "107"]
[EventDate "2019.10.06"]

1. d4 f5 2. c4 Nf6 3. Nc3 g6 4. Nf3 Bg7 5. g3 e6 6. Bg2 O-O 7. O-O d5 8. b3 c6
9. Bg5 h6 10. Bf4 g5 11. Bxb8 Rxb8 12. Ne5 Nd7 13. f4 Nxe5 14. fxe5 Qe7 15. e3
g4 16. Ne2 Bd7 17. Nf4 Be8 18. Qd2 h5 19. Rfc1 Bf7 20. Rc2 Rfc8 21. Rac1 Qd7
22. Qa5 Bh6 23. cxd5 Bxf4 24. exf4 cxd5 25. Qxa7 Ra8 26. Rxc8+ Rxc8 27. Rxc8+
Qxc8 28. Qc5 Qa8 29. a4 Qd8 30. Bf1 h4 31. a5 hxg3 32. hxg3 Be8 33. b4 Qd7 34.
b5 Qd8 35. a6 bxa6 36. bxa6 Qb8 37. Qe7 Qc8 38. a7 Bc6 39. Kf2 Ba8 40. Qc5 Qb7
41. Bb5 Kf7 42. Ke3 Kg7 43. Kd3 Kf7 44. Kc3 Kg7 45. Kb4 Kf7 46. Ka5 Kg7 47. Ba6
Qd7 48. Kb6 Qa4 49. Bb5 Qa1 50. Qe7+ Kh8 51. Qd8+ Kh7 52. Qxa8 Qxd4+ 53. Kb7
Qc5 54. Qe8 1-0

[Event "SVK 3.liga A2"]
[Site "?"]
[Date "2020.02.02"]
[Round "8.3"]
[White "Zlamal, Marek"]
[Black "Szocs, Ladislav"]
[Result "1/2-1/2"]
[WhiteElo "1866"]
[BlackElo "1808"]
[PlyCount "87"]
[EventDate "2019.10.06"]

1. e4 d5 2. exd5 Nf6 3. Nf3 Nxd5 4. d3 c5 5. b3 g6 6. Bb2 Nf6 7. h3 Bg7 8. Nbd2
O-O 9. Be2 Nc6 10. O-O b6 11. Rb1 Bb7 12. Ne5 Nd5 13. Nxc6 Bxc6 14. Bxg7 Kxg7
15. Qc1 Nc3 16. Qb2 Qd4 17. Bf3 Bxf3 18. Nxf3 Qf6 19. Nd2 Nxb1 20. Qxb1 Rad8
21. Re1 e6 22. Qd1 Rd5 23. Ne4 Qd4 24. Re3 Rd7 25. Qf3 Qa1+ 26. Kh2 Qe5+ 27.
Kh1 Qa1+ 28. Kh2 Qe5+ 29. Kh1 h6 30. a4 f5 31. Nd2 Qa1+ 32. Kh2 Qf6 33. Nc4 Rd5
34. Qf4 Rfd8 35. Qc7+ R8d7 36. Qb8 Qe7 37. Qg3 g5 38. f4 Rd4 39. Qe1 Kf6 40.
fxg5+ hxg5 41. Ne5 Qd6 42. Kh1 Rh7 43. Nf3 Re7 44. Nxd4 1/2-1/2

[Event "SVK 3.liga A2"]
[Site "?"]
[Date "2020.02.02"]
[Round "8.3"]
[White "Both, Lajos"]
[Black "Stehlik, Jan"]
[Result "1-0"]
[WhiteElo "1686"]
[BlackElo "1656"]
[PlyCount "153"]
[EventDate "2019.10.06"]

1. Nf3 Nf6 2. c4 c5 3. b3 g6 4. Bb2 Bg7 5. g3 O-O 6. Bg2 Nc6 7. O-O b6 8. e3
Bb7 9. d4 d6 10. d5 Nb8 11. Nbd2 e5 12. dxe6 fxe6 13. Ng5 Bxg2 14. Kxg2 Qe7 15.
Qc2 d5 16. Ngf3 Nc6 17. a3 Rad8 18. Rad1 Qb7 19. Kg1 Qe7 20. Ne5 Nxe5 21. Bxe5
Ng4 22. Bxg7 Qxg7 23. h3 Ne5 24. f4 Nc6 25. Nf3 d4 26. Qe4 Rd6 27. exd4 Nxd4
28. Nxd4 cxd4 29. Rd3 Re8 30. Re1 Qf6 31. Qe5 Qxe5 32. Rxe5 Kf7 33. Kf2 Rc8 34.
Kf3 Kf6 35. g4 Rc7 36. h4 Rc8 37. g5+ Ke7 38. Kg4 a5 39. a4 Rc5 40. Re4 Rc7 41.
Rexd4 Rxd4 42. Rxd4 Rc5 43. Re4 Rc6 44. h5 Rd6 45. Re5 Rc6 46. hxg6 hxg6 47.
Kf3 Kf7 48. Ke3 Ke7 49. Kd4 Rd6+ 50. Kc3 Rc6 51. b4 axb4+ 52. Kxb4 Kd6 53. Kb5
Kc7 54. c5 Kb7 55. cxb6 Rxb6+ 56. Kc4 Rc6+ 57. Kd4 Rd6+ 58. Ke4 Rc6 59. Rb5+
Ka6 60. Kd4 Rc1 61. Re5 Rc6 62. Rc5 Rb6 63. Ke5 Rb4 64. Rc6+ Kb7 65. Rxe6 Rxa4
66. Rxg6 Kc7 67. Rf6 Kd7 68. Kf5 Ke7 69. Kg6 Ra1 70. Kg7 Rf1 71. f5 Rh1 72. Ra6
Rf1 73. f6+ Ke8 74. Ra8+ Kd7 75. f7 Rf5 76. g6 Ke7 77. f8=Q+ 1-0

[Event "SVK 3.liga A2"]
[Site "?"]
[Date "2020.02.02"]
[Round "8.3"]
[White "Svrcek, Daniel"]
[Black "Rozsas, Daniel"]
[Result "0-1"]
[WhiteElo "1523"]
[BlackElo "1636"]
[PlyCount "76"]
[EventDate "2019.10.06"]

1. e4 c5 2. Nf3 Nc6 3. d4 cxd4 4. Nxd4 e5 5. Nb5 d6 6. Bc4 Nf6 7. Bg5 a6 8.
N5c3 Be7 9. Bxf6 Bxf6 10. Nd5 Bg5 11. Nbc3 b5 12. Bb3 Bb7 13. a3 Na5 14. Ba2
Rc8 15. Qf3 Nc4 16. Ne3 Bxe3 17. fxe3 Qg5 18. Nd1 Qh4+ 19. Nf2 O-O 20. O-O-O
Qd8 21. Rd3 Qc7 22. Bxc4 Qxc4 23. Rc3 Qa2 24. Nd1 Qa1+ 25. Kd2 Rc5 26. Rb3 Rfc8
27. c3 Rc4 28. Nf2 Qa2 29. Kc2 b4 30. axb4 Qa4 31. Qd1 Rxb4 32. Kd2 Rxb3 33.
Qc2 Qb5 34. Rb1 Rcxc3 35. bxc3 Rxb1 36. Nd1 Qb3 37. Qxb3 Rxb3 38. Kd3 Rb1 0-1

[Event "SVK 3.liga A2"]
[Site "?"]
[Date "2020.02.02"]
[Round "8.3"]
[White "Lelkes, Geza"]
[Black "Sefcik, Oliver"]
[Result "0-1"]
[WhiteElo "1462"]
[BlackElo "1190"]
[PlyCount "74"]
[EventDate "2019.10.06"]

1. e4 e6 2. Nf3 d5 3. e5 c5 4. Bb5+ Bd7 5. Bxd7+ Qxd7 6. c3 Nc6 7. O-O Nge7 8.
d4 Nf5 9. Na3 Qc7 10. Nc2 Be7 11. Bf4 O-O 12. Qd2 Qb6 13. g4 Nh4 14. Nxh4 Bxh4
15. dxc5 Qxc5 16. b4 Qb6 17. a4 Rac8 18. a5 Qc7 19. Rfe1 a6 20. Re3 Qd8 21. Rh3
g5 22. Rxh4 gxf4 23. Rh5 Rc7 24. Qxf4 f6 25. Qg3 Nxe5 26. Nd4 Re8 27. Re1 Rg7
28. Rexe5 fxe5 29. Rxe5 Qf6 30. f4 Rf7 31. f5 Ree7 32. g5 Qg7 33. fxe6 Rf8 34.
h4 Qg6 35. Kh2 Rf1 36. h5 Qxh5+ 37. Kg2 Qh1# 0-1